[Event "13th Parsvnath Open"]
[Site "New Delhi IND"]
[Date "2015.01.12"]
[Round "5.9"]
[White "Nguyen, Duc Hoa"]
[Black "Krishna, C.R.G."]
[Result "0-1"]
[WhiteTitle "GM"]
[WhiteElo "2518"]
[BlackElo "2350"]
[WhiteFideId "12401358"]
[BlackFideId "5018625"]
[EventDate "2015.01.09"]

1. d4 d5 2. c4 c6 3. Nf3 Nf6 4. Nc3 a6 5. g3 dxc4 6. a4 e6 7. Bg2 c5 8. O-O Nc6
9. dxc5 Qxd1 10. Rxd1 Bxc5 11. Nd2 Na5 12. Nde4 Nxe4 13. Nxe4 Bb4 14. Bf4 Ke7
15. Bc7 Nb3 16. Ra2 Bd7 17. Nd6 Bc6 18. Bxc6 bxc6 19. Nxc4 Rac8 20. Bb6 a5 21.
Ne5 f6 22. Nd3 c5 23. Nxb4 cxb4 24. Kg2 Rc6 25. Be3 Rd8 26. Rh1 Rd5 27. g4 Rc4
28. Kg3 f5 29. h3 g6 30. Rg1 e5 31. gxf5 gxf5 32. f4 e4 33. Kf2 Kf7 34. Rg3 Rc2
35. h4 Rd1 36. Rg5 Kf6 37. Rg2 Rh1 38. Bb6 Nc1 39. Bd4+ Ke6 40. Ra1 Nd3+ 41. Ke3
Rh3+ 0-1

[Event "13th Parsvnath Open"]
[Site "New Delhi IND"]
[Date "2015.01.12"]
[Round "5.10"]
[White "Vignesh, NR"]
[Black "Rahman, Ziaur"]
[Result "1/2-1/2"]
[BlackTitle "GM"]
[WhiteElo "2340"]
[BlackElo "2507"]
[WhiteFideId "25012215"]
[BlackFideId "10200037"]
[EventDate "2015.01.09"]

1. d4 e6 2. c4 f5 3. Nf3 Nf6 4. g3 Be7 5. Bg2 O-O 6. O-O d6 7. Nc3 Ne4 8. Qc2
Nxc3 9. Qxc3 a5 10. Qc2 Nc6 11. Rd1 Qe8 12. b3 e5 13. dxe5 dxe5 14. Bb2 Bf6 15.
e3 Qh5 16. Bc3 e4 17. Ne1 Be6 18. f3 Qh6 19. f4 Qh5 20. Rd2 Qf7 21. Rad1 a4 22.
Qb2 axb3 23. axb3 Nb4 24. Ra1 Rxa1 25. Qxa1 Bxc3 26. Qxc3 Qe7 27. Nc2 Nxc2 28.
Rxc2 Rd8 29. Rd2 Rxd2 30. Qxd2 Kf7 31. Bf1 Qd7 32. Qxd7+ Bxd7 33. c5 Be6 34. b4
Bb3 35. Kf2 Ke6 36. Ke1 Kd5 37. Kd2 Bc4 38. Bh3 g6 39. g4 Ke6 40. Kc3 1/2-1/2

[Event "13th Parsvnath Open"]
[Site "New Delhi IND"]
[Date "2015.01.12"]
[Round "5.11"]
[White "Shyam, Sundar M."]
[Black "Kunal, M."]
[Result "1/2-1/2"]
[WhiteTitle "GM"]
[WhiteElo "2489"]
[BlackElo "2336"]
[WhiteFideId "5019141"]
[BlackFideId "5018250"]
[EventDate "2015.01.09"]

1. e4 c6 2. d3 e5 3. Nf3 Nf6 4. g3 g6 5. Bg2 Bg7 6. O-O d6 7. b4 a5 8. bxa5 Qxa5
9. Nbd2 b5 10. a4 bxa4 11. Nc4 Qc7 12. c3 O-O 13. Rxa4 Rxa4 14. Qxa4 Ba6 15. Ba3
Rd8 16. Rd1 d5 17. Ncxe5 dxe4 18. dxe4 Rxd1+ 19. Qxd1 Nxe4 20. Qd4 Qa5 21. Qxe4
Qxa3 22. h4 Qxc3 23. Nxf7 Nd7 24. Qe6 Bc4 25. Nh6+ Kh8 26. Qxd7 Bxh6 27. Qxc6
Bg7 28. Qe8+ Bg8 29. Ng5 Qa1+ 30. Kh2 Qf6 31. Ne4 Qf8 32. Qc6 Qd8 33. Qc2 Qd4
34. Bf3 Qc4 35. Qd2 Qd4 36. Qa5 Qe5 37. Qa6 Qe6 38. Qa8 Qd5 39. Qc8 Qe6 40. Qc1
Qc4 41. Qf4 Qf7 42. Qxf7 Bxf7 43. Ng5 Bc4 44. Be4 Bf6 45. Nh3 Kg7 46. Kg2 h6 47.
Nf4 Bf7 48. Ne2 g5 49. hxg5 hxg5 50. g4 Be5 51. Ng3 Bxg3 52. Kxg3 Kf6 53. f4
gxf4+ 54. Kxf4 Kg7 55. g5 Bc4 56. g6 Bb3 57. Kg5 Bc4 58. Bf5 1/2-1/2

[Event "13th Parsvnath Open"]
[Site "New Delhi IND"]
[Date "2015.01.12"]
[Round "5.13"]
[White "Thejkumar, M. S."]
[Black "Shivananda, B.S."]
[Result "0-1"]
[WhiteTitle "IM"]
[BlackTitle "IM"]
[WhiteElo "2459"]
[BlackElo "2305"]
[WhiteFideId "5009154"]
[BlackFideId "5007038"]
[EventDate "2015.01.09"]

1. d4 Nf6 2. c4 g6 3. Nc3 d5 4. cxd5 Nxd5 5. Bd2 Nb6 6. Bg5 Bg7 7. e3 h6 8. Bh4
O-O 9. Nf3 c5 10. dxc5 N6d7 11. Rc1 Nc6 12. Bb5 Nxc5 13. O-O g5 14. Bg3 Bf5 15.
Bxc6 bxc6 16. Nd4 Bxd4 17. exd4 Nd3 18. Qf3 e6 19. Rb1 Qxd4 20. Qxc6 Rac8 21.
Qf3 Rfd8 22. a3 Bg6 23. Rbd1 e5 24. Qe3 a6 25. Rd2 f5 26. Ne2 f4 27. Bxf4 gxf4
28. Qh3 Nxf2 29. Qe6+ Bf7 30. Qxf7+ Kxf7 31. Nxd4 Ne4 32. Rc2 exd4 33. Rxf4+ Nf6
34. Rxc8 Rxc8 35. Rxd4 Rc1+ 36. Kf2 Rc2+ 37. Kf3 Rxb2 38. Ra4 Rb6 39. g4 Nd5 40.
Ra5 Ke6 41. h4 Ke5 42. g5 h5 43. Ra4 Kf5 44. Ra5 Rd6 45. Rc5 Ke5 46. Rc4 Rb6 47.
Ra4 Kf5 48. Ra5 Rd6 49. Rc5 Kg6 50. Ke4 Ne7 51. a4 Kf7 52. Rc7 Ke6 53. Ra7 Nf5
54. g6 Rd4+ 55. Kf3 Nxh4+ 56. Ke3 Nf5+ 57. Kf3 Rxa4 58. g7 Rg4 59. Rxa6+ Kf7 60.
Ra7+ Kf6 61. Ra6+ Kxg7 62. Rb6 Rg6 63. Rb5 Nd4+ 0-1

[Event "13th Parsvnath Open"]
[Site "New Delhi IND"]
[Date "2015.01.12"]
[Round "5.14"]
[White "Gusain, Himal"]
[Black "Saptarshi, Roy"]
[Result "0-1"]
[BlackTitle "IM"]
[WhiteElo "2322"]
[BlackElo "2448"]
[WhiteFideId "5033861"]
[BlackFideId "5008980"]
[EventDate "2015.01.09"]

1. e4 c5 2. Nf3 d6 3. d4 cxd4 4. Nxd4 Nf6 5. f3 e5 6. Nb3 a5 7. Bg5 Be7 8. Nc3
O-O 9. a4 Be6 10. Qd2 Nc6 11. Bb5 Rc8 12. Be3 d5 13. exd5 Nxd5 14. Nxd5 Bxd5 15.
Bxc6 Bxb3 16. Qxd8 Rfxd8 17. Bxb7 Rxc2 18. O-O Rxb2 19. Be4 g6 20. Rfb1 Rxb1+
21. Rxb1 Rd1+ 22. Rxd1 Bxd1 23. Bd2 Bc5+ 24. Kf1 Bb6 25. Bc6 f6 26. Bb5 Kf7 27.
Ke1 Bb3 28. Bc3 Ke6 29. Kd2 f5 30. Be8 Bc4 31. Ke1 e4 32. fxe4 fxe4 33. Bc6 Kf5
34. Bb7 Bd3 35. Bd5 Kf4 36. Bb7 Bc2 37. Bc6 Ke3 38. Bb5 Bd3 39. Bc6 Bc4 40. Kd1
Kd3 41. Be1 e3 42. Kc1 e2 43. Kb2 Bd4+ 0-1

[Event "13th Parsvnath Open"]
[Site "New Delhi IND"]
[Date "2015.01.12"]
[Round "5.15"]
[White "Shashikant, Kutwal"]
[Black "Nguyen, Van Huy"]
[Result "0-1"]
[BlackTitle "IM"]
[WhiteElo "2189"]
[BlackElo "2445"]
[WhiteFideId "5006520"]
[BlackFideId "12401064"]
[EventDate "2015.01.09"]

1. e4 c6 2. d4 d5 3. Nc3 dxe4 4. Nxe4 Bf5 5. Ng3 Bg6 6. h4 h6 7. Nf3 Nf6 8. h5
Bh7 9. Bd3 Bxd3 10. Qxd3 e6 11. Bd2 c5 12. Ne4 Nc6 13. Bc3 Nb4 14. Bxb4 cxb4 15.
Nxf6+ gxf6 16. c4 bxc3 17. bxc3 Rc8 18. Qb5+ Qd7 19. Qxd7+ Kxd7 20. Kd2 Rg8 21.
g3 Bd6 22. Rhb1 Rc7 23. Rb3 f5 24. Rab1 b6 25. Kd3 Rg4 26. a4 f4 27. Nh2 Rg8 28.
g4 f3 29. Nxf3 Rxg4 30. a5 bxa5 31. Ra1 Rf4 32. Nd2 Rxf2 33. Rxa5 f5 34. Nc4
Rf3+ 35. Ke2 Rh3 36. Nxd6 Kxd6 37. Ra6+ Rc6 38. Rxa7 Rxh5 39. Kd2 Rh2+ 40. Kd3
Rh3+ 41. Kd2 h5 42. Rf7 Ra6 43. Kc2 Ra2+ 44. Kb1 Rg2 45. Rb2 Rhh2 46. Rxg2 Rxg2
47. c4 h4 48. Rh7 f4 49. c5+ 0-1

[Event "13th Parsvnath Open"]
[Site "New Delhi IND"]
[Date "2015.01.12"]
[Round "5.16"]
[White "Neelotpal, Das"]
[Black "Harikrishnan.A.Ra"]
[Result "1-0"]
[WhiteTitle "GM"]
[WhiteElo "2437"]
[BlackElo "2200"]
[WhiteFideId "5003512"]
[BlackFideId "5081483"]
[EventDate "2015.01.09"]

1. c4 e5 2. Nc3 Nc6 3. g3 g6 4. Bg2 Bg7 5. Rb1 a5 6. d3 Nge7 7. e3 d6 8. a3 Be6
9. Nd5 Qd7 10. Ne2 O-O 11. O-O Nd8 12. Qc2 Rb8 13. b4 axb4 14. axb4 c6 15. Nxe7+
Qxe7 16. b5 Rc8 17. bxc6 bxc6 18. Ba3 Qd7 19. Nc3 Re8 20. Ne4 Ra8 21. Rb3 d5 22.
Nc5 Qc8 23. Nxe6 Qxe6 24. Rc1 Qd7 25. Qb1 Ne6 26. Rb7 Qd8 27. cxd5 cxd5 28. Qb3
d4 29. exd4 Qxd4 30. Rxf7 Qa4 31. Qxa4 Rxa4 32. Bc6 Kxf7 33. Bxa4 Ra8 34. Rc4
Rd8 35. Bc2 Nd4 36. Rc7+ Kg8 37. Bb1 h5 38. Ba2+ Kh8 39. Bf7 Kh7 40. Bc4 Ra8 41.
Be7 Kh8 42. Kg2 Nf5 43. Bg5 Nd6 44. Bd5 Ra5 45. Be6 e4 46. Bf4 Be5 47. Bd2 Ra8
48. Rc5 Bg7 49. Rd5 Ne8 50. dxe4 Nf6 51. Rd4 Ng4 52. Rc4 Nf6 53. e5 Nh7 54. Bf7
Nf8 55. e6 Bf6 56. Rc7 Kg7 57. Bb4 Ra4 58. Be8+ 1-0

[Event "13th Parsvnath Open"]
[Site "New Delhi IND"]
[Date "2015.01.12"]
[Round "5.17"]
[White "Nishant, Malhotra"]
[Black "Gagare, Shardul"]
[Result "1-0"]
[BlackTitle "IM"]
[WhiteElo "2167"]
[BlackElo "2437"]
[WhiteFideId "5099129"]
[BlackFideId "5037883"]
[EventDate "2015.01.09"]

1. d4 Nf6 2. c4 g6 3. Nc3 Bg7 4. e4 d6 5. f3 c6 6. Be3 a6 7. Qd2 b5 8. e5 dxe5
9. dxe5 Qxd2+ 10. Bxd2 Nfd7 11. f4 f6 12. exf6 Nxf6 13. Nf3 Be6 14. Ng5 Bf5 15.
Be2 Nbd7 16. Be3 O-O 17. h3 h6 18. Nf3 b4 19. Na4 Bc2 20. Bd1 Be4 21. Nd2 e5 22.
O-O Bd3 23. fxe5 Ne4 24. Re1 Nxd2 25. Bxd2 Nxe5 26. Bxb4 Rfe8 27. Bb3 Kh7 28.
Rad1 Bf5 29. Bc3 h5 30. Nc5 Re7 31. Ne4 Bxe4 32. Rxe4 Rae8 33. Rde1 g5 34. Bd1
Kh6 35. Bc2 Bf6 36. Rf1 Bg7 37. h4 Ng4 38. hxg5+ Kxg5 39. Bd2+ Kh4 40. Rf3 Bd4+
41. Kh1 Be3 42. Bxe3 1-0

[Event "13th Parsvnath Open"]
[Site "New Delhi IND"]
[Date "2015.01.12"]
[Round "5.18"]
[White "Sunilduth Lyna, Narayanan"]
[Black "Deshpande, Aniruddha"]
[Result "1/2-1/2"]
[WhiteTitle "IM"]
[WhiteElo "2437"]
[BlackElo "2157"]
[WhiteFideId "5058422"]
[BlackFideId "5021774"]
[EventDate "2015.01.09"]

1. d4 d5 2. c4 c6 3. Nf3 Nf6 4. Nc3 a6 5. e3 Bf5 6. Bd3 Bxd3 7. Qxd3 e6 8. O-O
Be7 9. e4 dxe4 10. Nxe4 Nxe4 11. Qxe4 Nd7 12. Bf4 O-O 13. Rfd1 Re8 14. Qe2 Nf8
15. Rd3 Ng6 16. Bg3 Bd6 17. Ne5 Qe7 18. Rad1 Rad8 19. Qe4 Bc7 20. a3 Nxe5 21.
Bxe5 f6 22. Bg3 Bxg3 23. hxg3 Rd7 24. Re1 Red8 25. g4 Qf7 26. Red1 Rd6 27. Qe2
Qd7 28. R1d2 Qf7 29. Qe3 h6 30. f4 R6d7 31. Qe4 f5 32. Qf3 fxg4 33. Qxg4 c5 34.
Qd1 Qxf4 35. dxc5 Rxd3 36. Rxd3 Rxd3 37. Qxd3 Qc1+ 38. Kh2 Qxb2 39. Qd8+ Kh7 40.
Qd3+ Kg8 41. Qd8+ Kf7 42. Qc7+ Kg6 43. Qg3+ Kf6 1/2-1/2

[Event "13th Parsvnath Open"]
[Site "New Delhi IND"]
[Date "2015.01.12"]
[Round "5.19"]
[White "Ramnath Bhuvanesh, R"]
[Black "Aradhya, Garg"]
[Result "1-0"]
[WhiteTitle "IM"]
[WhiteElo "2405"]
[BlackElo "2158"]
[WhiteFideId "5026598"]
[BlackFideId "25006746"]
[EventDate "2015.01.09"]

1. e4 e5 2. Nf3 Nc6 3. Bc4 Bc5 4. O-O Nf6 5. d3 O-O 6. Nbd2 d5 7. exd5 Nxd5 8.
Re1 Bg4 9. h3 Bh5 10. Ne4 Be7 11. Ng3 Bxf3 12. Qxf3 Nb6 13. Bb3 Bg5 14. c3 Bxc1
15. Raxc1 a5 16. a4 g6 17. Rcd1 Nc8 18. Ne4 Ra6 19. d4 exd4 20. cxd4 Rb6 21.
Nf6+ Kg7 22. Nd5 Ra6 23. Bc4 Ra8 24. Bb5 Nb8 25. Bf1 c6 26. Nc3 Nd6 27. d5 c5
28. Ne4 Nxe4 29. Qxe4 Qd6 30. Qe7 Rd8 31. Qxd6 Rxd6 32. Re8 h5 33. h4 Kf6 34.
Bb5 b6 35. Rd3 Kg7 36. b3 Kf6 37. g3 Kg7 38. Kg2 Kf6 39. Rf3+ Kg7 40. Re7 Rf6
41. Rxf6 Kxf6 42. Re8 Kg7 43. d6 1-0

[Event "13th Parsvnath Open"]
[Site "New Delhi IND"]
[Date "2015.01.12"]
[Round "5.20"]
[White "Brunello, Sabino"]
[Black "Raghunandan, Kaumandur Srihari"]
[Result "1/2-1/2"]
[WhiteTitle "GM"]
[BlackTitle "FM"]
[WhiteElo "2552"]
[BlackElo "2285"]
[WhiteFideId "813613"]
[BlackFideId "25004964"]
[EventDate "2015.01.09"]

1. d4 d5 2. c4 c6 3. Nf3 Nf6 4. e3 e6 5. Nbd2 c5 6. dxc5 Bxc5 7. a3 dxc4 8. Bxc4
O-O 9. b4 Be7 10. Bb2 b6 11. O-O Bb7 12. Qb3 a6 13. Rad1 b5 14. Bd3 Nbd7 15. e4
Rc8 16. Bb1 Qc7 17. e5 Nd5 18. Qd3 g6 19. Ne4 Rfd8 20. Qd2 N5b6 21. Nd6 Nc4 22.
Qf4 Ndxe5 23. Nxe5 Bxd6 24. Rxd6 Nxb2 25. Rxd8+ Rxd8 26. Qf6 Rd1 27. Rxd1 Nxd1
28. Ba2 Ne3 29. fxe3 Qc1+ 30. Kf2 Qd2+ 31. Kf1 Qd1+ 32. Kf2 Qd2+ 33. Kf1 Qd1+
34. Kf2 1/2-1/2

[Event "13th Parsvnath Open"]
[Site "New Delhi IND"]
[Date "2015.01.12"]
[Round "5.21"]
[White "Murali Krishnan, B.T."]
[Black "Evdokimov, Alexander A."]
[Result "0-1"]
[WhiteTitle "IM"]
[BlackTitle "GM"]
[WhiteElo "2283"]
[BlackElo "2538"]
[WhiteFideId "5004977"]
[BlackFideId "4139275"]
[EventDate "2015.01.09"]

1. d4 Nf6 2. c4 c5 3. d5 g6 4. Nc3 Bg7 5. e4 O-O 6. Nge2 d6 7. Ng3 e6 8. Be2
exd5 9. exd5 Re8 10. O-O Nbd7 11. h3 a6 12. a4 Nf8 13. Qc2 h5 14. Bd3 h4 15.
Nge4 Nxe4 16. Nxe4 Nh7 17. Bf4 Bf8 18. a5 Bf5 19. Rfe1 Bxe4 20. Rxe4 Rxe4 21.
Bxe4 Bg7 22. Rb1 Bd4 23. Qd2 b6 24. axb6 Qxb6 25. Be3 Bxe3 26. Qxe3 Re8 27. Qf4
Qb3 28. Bf3 Re5 29. Ra1 Qxb2 30. Rxa6 Re1+ 31. Kh2 Qxf2 0-1

[Event "13th Parsvnath Open"]
[Site "New Delhi IND"]
[Date "2015.01.12"]
[Round "5.22"]
[White "Sahoo, Utkal Ranjan"]
[Black "Gasanov, Eldar"]
[Result "1/2-1/2"]
[BlackTitle "GM"]
[WhiteElo "2247"]
[BlackElo "2520"]
[WhiteFideId "5034566"]
[BlackFideId "14104466"]
[EventDate "2015.01.09"]

1. d4 Nf6 2. Nf3 e6 3. c4 b6 4. Nc3 Bb7 5. Bg5 Be7 6. e3 O-O 7. Bd3 h6 8. Bh4 c5
9. O-O cxd4 10. exd4 d5 11. Bxf6 Bxf6 12. cxd5 exd5 13. Re1 Nc6 14. Bb5 Qd6 15.
Bxc6 Bxc6 16. Qd2 Rfe8 17. Rxe8+ Rxe8 18. Re1 Rxe1+ 19. Qxe1 Qf4 20. Qe3 Qf5 21.
h3 Qc2 22. Ne5 Bxe5 23. Qxe5 Qc1+ 24. Kh2 Qxb2 25. Nxd5 Bxd5 26. Qxd5 Qxf2 27.
Qa8+ Kh7 28. Qxa7 Qf4+ 29. Kh1 Qxd4 30. Qxf7 Qa1+ 31. Kh2 Qe5+ 32. Kh1 b5 33.
Qb3 Kg6 34. Qd3+ Kf6 35. Qf1+ Ke7 36. Qb1 Qe2 37. a4 bxa4 38. Qb4+ 1/2-1/2

[Event "13th Parsvnath Open"]
[Site "New Delhi IND"]
[Date "2015.01.12"]
[Round "5.23"]
[White "Chakravarthi Reddy, M"]
[Black "Dzhumaev, Marat"]
[Result "1-0"]
[WhiteTitle "IM"]
[BlackTitle "GM"]
[WhiteElo "2239"]
[BlackElo "2515"]
[WhiteFideId "25009532"]
[BlackFideId "14200236"]
[EventDate "2015.01.09"]

1. d4 Nf6 2. Nf3 g6 3. c4 Bg7 4. g3 O-O 5. Bg2 d6 6. O-O c6 7. Nc3 Qb6 8. h3 Qa6
9. b3 b5 10. cxb5 cxb5 11. b4 Bb7 12. Bg5 Nbd7 13. a4 bxa4 14. b5 Qb6 15. Qxa4
Rfc8 16. Qb3 Rab8 17. Qa3 Bxf3 18. Bxf3 Qxd4 19. Rfc1 Qc5 20. Qxc5 Nxc5 21. Ra3
e6 22. Rd1 d5 23. Rxa7 Nfd7 24. Rc1 Rb7 25. Nxd5 Rxa7 26. Ne7+ Kf8 27. Nxc8 Ra1
28. Rxa1 Bxa1 29. Be7+ Kg7 30. Bc6 Bf6 31. Bd6 Be5 32. Bxd7 Nxd7 33. Bxe5+ Nxe5
34. f4 Nd7 35. Kf2 Kf6 36. Ke3 e5 37. Ke4 Ke6 38. fxe5 Nxe5 39. Kd4 Nd7 40. e4
h5 41. b6 Nb8 42. b7 Kd7 43. Ke5 Kc7 44. Kf6 Kxb7 45. Nd6+ Kc6 46. Nxf7 Nd7+ 47.
Kxg6 Kc5 48. e5 Kd5 49. Kxh5 Ke6 50. Kg6 Nb6 51. h4 Nd5 52. g4 Ne3 53. g5 Ng2
54. Nd8+ Kxe5 55. h5 Nf4+ 56. Kh6 Kf5 57. g6 Nd5 58. g7 Nf6 59. Nf7 Kg4 60. Kg6
Ng8 61. Nh6+ 1-0

[Event "13th Parsvnath Open"]
[Site "New Delhi IND"]
[Date "2015.01.12"]
[Round "5.24"]
[White "Rombaldoni, Axel"]
[Black "Puranik, Abhimanyu"]
[Result "1-0"]
[WhiteTitle "GM"]
[BlackTitle "CM"]
[WhiteElo "2509"]
[BlackElo "2278"]
[WhiteFideId "815837"]
[BlackFideId "5061245"]
[EventDate "2015.01.09"]

1. d4 Nf6 2. Bg5 g6 3. Bxf6 exf6 4. c4 f5 5. e3 Bg7 6. Nc3 d6 7. g3 c6 8. Bg2
O-O 9. Nge2 Re8 10. b4 Nd7 11. O-O a6 12. Qd3 h5 13. h4 Nf6 14. a4 Bd7 15. a5
Ng4 16. Nb1 Rb8 17. Nd2 c5 18. b5 cxd4 19. Nxd4 Qf6 20. Bd5 Ne5 21. Qb3 Be6 22.
Nxe6 fxe6 23. Bg2 Nd7 24. Rab1 Nc5 25. Qa2 Kh8 26. bxa6 bxa6 27. Rb6 e5 28. Nb3
Rxb6 29. axb6 Rb8 30. Nxc5 dxc5 31. b7 e4 32. Rb1 Qc6 33. Qb3 a5 34. Qb5 Qxb5
35. Rxb5 Bc3 36. Rb6 a4 37. Rxg6 Rxb7 38. Ra6 Rb1+ 39. Kh2 Be1 40. f3 Rb3 41.
fxe4 Rxe3 42. exf5 Bxg3+ 43. Kg1 Re1+ 44. Bf1 Ra1 45. Rh6+ Kg7 46. Rg6+ Kf7 47.
Rxg3 a3 48. Rg6 1-0

[Event "13th Parsvnath Open"]
[Site "New Delhi IND"]
[Date "2015.01.12"]
[Round "5.25"]
[White "Debashis, Das"]
[Black "Sidhant, Mohapatra"]
[Result "1-0"]
[WhiteTitle "GM"]
[WhiteElo "2503"]
[BlackElo "2281"]
[WhiteFideId "5024854"]
[BlackFideId "5028698"]
[EventDate "2015.01.09"]

1. e4 c5 2. Nf3 d6 3. d4 cxd4 4. Nxd4 Nf6 5. Nc3 a6 6. Be3 e5 7. Nb3 Be7 8. f3
Be6 9. Qd2 O-O 10. O-O-O a5 11. Qe1 Qc8 12. a4 Nc6 13. g4 Nb4 14. Kb1 d5 15. g5
Ne8 16. exd5 Bf5 17. Na1 Nd6 18. h4 Qc7 19. Rh2 Rfc8 20. Bg1 f6 21. gxf6 Bxf6
22. Ne4 Qd7 23. b3 b5 24. axb5 Nxb5 25. c4 Nd4 26. Kb2 Bxe4 27. Qxe4 a4 28. Bh3
Qa7 29. Bxd4 exd4 30. Bxc8 a3+ 31. Kc1 1-0

[Event "13th Parsvnath Open"]
[Site "New Delhi IND"]
[Date "2015.01.12"]
[Round "5.26"]
[White "Pranav, Shetty"]
[Black "Neverov, Valeriy"]
[Result "0-1"]
[BlackTitle "GM"]
[WhiteElo "2217"]
[BlackElo "2501"]
[WhiteFideId "5035058"]
[BlackFideId "14100150"]
[EventDate "2015.01.09"]

1. e4 c5 2. Nf3 d6 3. d4 cxd4 4. Nxd4 Nf6 5. Nc3 a6 6. Be3 e5 7. Nb3 Be6 8. f3
h5 9. Qd2 Nbd7 10. Nd5 Bxd5 11. exd5 g6 12. c4 Bg7 13. Be2 O-O 14. O-O b6 15.
Rac1 Kh7 16. Na1 Ng8 17. b4 a5 18. a3 axb4 19. axb4 Ne7 20. Bd3 Qc7 21. Nb3 Ra3
22. Bc2 f5 23. Qe2 Rc8 24. Nd2 b5 25. Bb3 Rxb3 26. Nxb3 bxc4 27. Na5 c3 28. Rfd1
Nf6 29. Qa2 f4 30. Bf2 e4 31. Bd4 Nexd5 32. fxe4 Nxb4 33. Qa4 c2 34. Qxb4
cxd1=Q+ 35. Rxd1 Rb8 36. Qe1 Ng4 37. Bxg7 Kxg7 38. Rd3 Qc5+ 39. Kf1 Rb1 0-1

[Event "13th Parsvnath Open"]
[Site "New Delhi IND"]
[Date "2015.01.12"]
[Round "5.27"]
[White "Gajwa, Ankit"]
[Black "Shyam, Nikil P."]
[Result "1/2-1/2"]
[BlackTitle "IM"]
[WhiteElo "2215"]
[BlackElo "2455"]
[WhiteFideId "5077834"]
[BlackFideId "5024218"]
[EventDate "2015.01.09"]

1. e4 c5 2. Nf3 d6 3. d4 cxd4 4. Nxd4 Nf6 5. Nc3 a6 6. Bg5 e6 7. f4 Qc7 8. Bxf6
gxf6 9. Qd2 b5 10. Bd3 Bb7 11. O-O h5 12. Kh1 Nd7 13. Rae1 Qb6 14. Nb3 h4 15. h3
Nc5 16. Qe3 O-O-O 17. Nxc5 Qxc5 18. Qe2 Kb8 19. a4 b4 20. Na2 f5 21. c3 bxc3 22.
bxc3 Ka7 23. Rb1 fxe4 24. Bxe4 d5 25. Bd3 Bd6 26. a5 Bc7 27. Nc1 Rb8 28. Nb3 Qd6
29. Qf2+ Ka8 30. Nc5 Bc8 31. Rxb8+ Kxb8 32. Rb1+ Ka8 33. Na4 Bxa5 34. Qd4 Rg8
35. Nb6+ Bxb6 36. Rxb6 Qa3 37. Qe5 Bb7 38. Qc7 Qc1+ 39. Kh2 Rxg2+ 40. Kxg2 Qd2+
41. Kg1 Qe3+ 42. Kf1 Qxd3+ 43. Kf2 Qd2+ 44. Kf1 Qd1+ 45. Kf2 Qd2+ 46. Kf1 Qd1+
47. Kf2 1/2-1/2

[Event "13th Parsvnath Open"]
[Site "New Delhi IND"]
[Date "2015.01.12"]
[Round "5.28"]
[White "Cruz, Jonathan"]
[Black "Abhilash, Reddy M.L."]
[Result "1/2-1/2"]
[WhiteTitle "IM"]
[WhiteElo "2454"]
[BlackElo "2251"]
[WhiteFideId "3802124"]
[BlackFideId "5024668"]
[EventDate "2015.01.09"]

1. c4 c6 2. Nf3 Nf6 3. Nc3 d6 4. d4 Nbd7 5. g3 e5 6. Bg2 Be7 7. O-O O-O 8. Qc2
Re8 9. Rd1 Qc7 10. h3 Bf8 11. e4 a6 12. b3 b5 13. c5 dxc5 14. dxe5 Nxe5 15. Nxe5
Qxe5 16. Bf4 Qe6 17. e5 Nd7 18. Ne4 Qf5 19. Rac1 Nxe5 20. Nd6 Bxd6 21. Rxd6 Qxc2
22. Rxc2 Bb7 23. Rxc5 Ng6 24. Bxc6 Bxc6 25. Rcxc6 Nxf4 26. gxf4 a5 27. Rc5 b4
28. Rdd5 a4 29. Rc4 axb3 30. axb3 g6 31. Rxb4 Rab8 32. Rdb5 Rxb5 33. Rxb5 Re4
34. f5 g5 35. Rb6 Kg7 36. Kg2 Rf4 37. Rb5 Kf6 38. b4 h5 39. Rb8 Kxf5 40. b5 h4
41. b6 Rb4 42. Kf3 Rb3+ 43. Kg2 Kf4 44. Rf8 f5 45. Rf6 Rb1 46. Re6 Rb2 47. Rc6
Rb4 48. Rg6 Rb1 49. Rc6 Rb4 50. Rg6 Rb2 51. Rh6 Rb4 1/2-1/2

[Event "13th Parsvnath Open"]
[Site "New Delhi IND"]
[Date "2015.01.12"]
[Round "5.29"]
[White "Anurag, Mhamal"]
[Black "Ajay Krishna, S"]
[Result "0-1"]
[WhiteTitle "IM"]
[WhiteElo "2446"]
[BlackElo "2187"]
[WhiteFideId "5024366"]
[BlackFideId "5096430"]
[EventDate "2015.01.09"]

1. c4 c5 2. g3 g6 3. Bg2 Bg7 4. Nf3 Nc6 5. O-O e6 6. d3 Nge7 7. a3 O-O 8. Ra2
Rb8 9. b3 b5 10. Bb2 Bxb2 11. Rxb2 bxc4 12. dxc4 d5 13. cxd5 exd5 14. Qc1 Qb6
15. Nc3 c4 16. Qh6 Nf5 17. Qf4 Qa5 18. Nb1 Rxb3 19. Rxb3 cxb3 20. Rc1 Qb6 21. e3
b2 22. Rc3 d4 23. exd4 Ncxd4 0-1

[Event "13th Parsvnath Open"]
[Site "New Delhi IND"]
[Date "2015.01.12"]
[Round "5.30"]
[White "Santu, Mondal"]
[Black "Prasanna, Raghuram Rao"]
[Result "0-1"]
[BlackTitle "IM"]
[WhiteElo "2178"]
[BlackElo "2436"]
[WhiteFideId "5025354"]
[BlackFideId "5022401"]
[EventDate "2015.01.09"]

1. d4 f5 2. Nf3 Nf6 3. c4 g6 4. b4 Bg7 5. Bb2 O-O 6. g3 c6 7. Bg2 d5 8. Qc2 a5
9. b5 Ne4 10. a4 Be6 11. Nbd2 cxb5 12. cxb5 Nd7 13. O-O Nb6 14. Nxe4 dxe4 15.
Ne5 Rc8 16. Qd1 Nd5 17. Rc1 Qd6 18. Nc4 Rxc4 19. Rxc4 Ne3 20. fxe3 Bxc4 21. Qd2
b6 22. g4 e6 23. Rc1 Rc8 24. Rc3 Qd5 25. gxf5 exf5 26. Ba3 Bf8 27. Bxf8 Kxf8 28.
Qe1 Qd6 29. Qh4 Kg7 30. Bh3 Be6 31. Qe1 Qb4 32. Rc1 Qxe1+ 33. Rxe1 Bb3 0-1

[Event "13th Parsvnath Open"]
[Site "New Delhi IND"]
[Date "2015.01.12"]
[Round "5.31"]
[White "Swapnil, S. Dhopade"]
[Black "Swathi, Ghate"]
[Result "0-1"]
[WhiteTitle "IM"]
[BlackTitle "WGM"]
[WhiteElo "2424"]
[BlackElo "2188"]
[WhiteFideId "5019184"]
[BlackFideId "5003474"]
[EventDate "2015.01.09"]

1. d4 d5 2. c4 c6 3. Nc3 Nf6 4. e3 e6 5. Nf3 Nbd7 6. Qc2 Bd6 7. Bd3 dxc4 8. Bxc4
b5 9. Be2 Bb7 10. O-O O-O 11. e4 e5 12. dxe5 Nxe5 13. Nh4 Ng6 14. Nf5 Be5 15. f4
Bd4+ 16. Kh1 b4 17. Na4 c5 18. Bf3 Nd7 19. Rd1 Nh4 20. Nxd4 cxd4 21. Rxd4 Nxf3
22. gxf3 Rc8 23. Qd1 Bc6 24. Nc5 Rc7 25. Na6 f5 26. Nxc7 Qxc7 27. Qb3+ Kh8 28.
Qxb4 Qc8 29. e5 Bxf3+ 30. Kg1 Nc5 31. Be3 Ne4 32. Rf1 Be2 33. Re1 Bf3 34. Rc1
Qe8 35. Qxf8+ Qxf8 36. Rdc4 Bh5 37. Rc8 Be8 38. Rd8 h6 39. Rcc8 Kh7 40. Rxe8 Qb4
41. Rh8+ Kg6 42. Rc1 Qxb2 43. Re1 Kh5 44. e6 g5 45. Rd8 gxf4 46. e7 Qg7+ 47. Kf1
Qxe7 0-1